[Event "Samara Polugaevsky Memorial 7th"]
[Site "Samara"]
[Date "2017.07.14"]
[Round "7"]
[White "Samchenko, Serafima"]
[Black "Loginov, Ilya"]
[Result "1-0"]
[WhiteElo "1762"]
[BlackElo "1947"]
[PlyCount "49"]
[EventDate "2017.07.08"]
[EventType "swiss"]
[EventRounds "9"]
[EventCountry "RUS"]
[SourceTitle "EXT 2018"]
[Source "ChessBase"]
[SourceDate "2017.10.13"]
[SourceVersion "1"]
[SourceVersionDate "2017.10.13"]
[SourceQuality "1"]

1. d4 Nf6 2. Nf3 g6 3. c4 Bg7 4. Nc3 d5 5. Bg5 Ne4 6. e3 Nxg5 7. Nxg5 e5 8. Nf3 e4 9. Nd2 c6 10. cxd5 cxd5 11. Qb3 0-0 12. Qxd5 Nc6 13. Qxd8 Rxd8 14. Ndxe4 Bf5 15. Be2 Bxe4 16. Nxe4 Re8 17. Nc3 a6 18. 0-0 Rac8 19. Bg4 f5 20. Bf3 b5 21. Rac1 b4 22. Nd5 Na7 23. Rxc8 Nxc8 24. Nc7 Re7 25. Nxa6 1-0

[Event "Samara Polugaevsky Memorial 7th"]
[Site "Samara"]
[Date "2017.07.12"]
[Round "5"]
[White "Lysenko, Margarita"]
[Black "Loginov, Ilya"]
[Result "1-0"]
[WhiteElo "2182"]
[BlackElo "1947"]
[PlyCount "73"]
[EventDate "2017.07.08"]
[EventType "swiss"]
[EventRounds "9"]
[EventCountry "RUS"]
[SourceTitle "EXT 2018"]
[Source "ChessBase"]
[SourceDate "2017.10.13"]
[SourceVersion "1"]
[SourceVersionDate "2017.10.13"]
[SourceQuality "1"]

1. d4 Nf6 2. Bf4 c5 3. e3 g6 4. c3 cxd4 5. exd4 d5 6. Nf3 Bg7 7. Be2 0-0 8. 0-0 Nc6 9. h3 Nh5 10. Bh2 Bh6 11. Re1 Bf4 12. Bf1 Qc7 13. g3 Bd6 14. Bg2 Nf6 15. Nbd2 Bf5 16. Ne5 Rad8 17. Qe2 Nd7 18. g4 Be4 19. Nxe4 dxe4 20. Qxe4 Bxe5 21. dxe5 Nc5 22. Qe3 Ne6 23. Rad1 Qa5 24. a3 Qa4 25. Qc1 Nc5 26. Bf1 e6 27. Rd6 f5 28. exf6 Rxf6 29. Rxd8+ Nxd8 30. Qe3 b6 31. Bg3 Qc6 32. Bg2 Qd7 33. b4 Ncb7 34. Qe2 Rf8 35. Rd1 Qf7 36. c4 a5 37. Qe3 1-0

[Event "Samara Polugaevsky Memorial 7th"]
[Site "Samara"]
[Date "2017.07.08"]
[Round "1"]
[White "Abdyjapar, Asyl"]
[Black "Loginov, Ilya"]
[Result "1-0"]
[WhiteElo "2381"]
[BlackElo "1947"]
[PlyCount "79"]
[EventDate "2017.07.08"]
[EventType "swiss"]
[EventRounds "9"]
[EventCountry "RUS"]
[SourceTitle "EXT 2018"]
[Source "ChessBase"]
[SourceDate "2017.10.13"]
[SourceVersion "1"]
[SourceVersionDate "2017.10.13"]
[SourceQuality "1"]

1. d4 Nf6 2. c4 g6 3. Nc3 d5 4. e3 Bg7 5. Qb3 c6 6. Nf3 0-0 7. Bd2 dxc4 8. Bxc4 b5 9. Be2 Be6 10. Qc2 h6 11. 0-0 Nbd7 12. e4 Nb6 13. Rfd1 a5 14. h3 a4 15. b4 Ne8 16. Bf4 Nd6 17. Ne5 Qc8 18. Rac1 Nbc4 19. Nxc6 Qxc6 20. d5 Qb6 21. dxe6 fxe6 22. Bg3 Ne3 23. Rxd6 exd6 24. Qd3 Bxc3 25. Rxc3 Nc4 26. e5 Rf5 27. exd6 Rd8 28. Qe4 Rxd6 29. Bxd6 Qxd6 30. Bxc4 bxc4 31. Qxc4 Qd1+ 32. Qf1 Qd2 33. Rc8+ Kf7 34. Rc7+ Kf8 35. a3 Qb2 36. Qe1 e5 37. Qe3 Qa1+ 38. Kh2 g5 39. Qc5+ Kg8 40. Qd5+ 1-0

[Event "Samara Polugaevsky Memorial 4th"]
[Site "Samara"]
[Date "2014.07.04"]
[Round "3"]
[White "Gutkovich, Polina"]
[Black "Loginov, Ilya"]
[Result "1-0"]
[WhiteElo "1572"]
[BlackElo "1786"]
[PlyCount "95"]
[EventDate "2014.07.02"]
[EventType "swiss"]
[EventRounds "9"]
[EventCountry "RUS"]
[SourceTitle "CBM 161 Extra"]
[Source "ChessBase"]
[SourceDate "2014.08.29"]
[SourceVersion "1"]
[SourceVersionDate "2014.08.29"]
[SourceQuality "1"]

1. e4 c5 2. Nf3 e6 3. c3 d5 4. exd5 exd5 5. d4 Nc6 6. Bb5 Bd6 7. 0-0 Nge7 8. dxc5 Bxc5 9. b4 Bd6 10. Be3 0-0 11. Nd4 a6 12. Bd3 Ne5 13. Bc2 f5 14. Bg5 h6 15. Bxe7 Qxe7 16. Re1 Qh4 17. Rxe5 Bxe5 18. Nf3 Qf4 19. Qxd5+ Kh7 20. Nxe5 Be6 21. Qd4 Qc1+ 22. Qd1 Qb2 23. Nd2 Rad8 24. Qb1 Qxc3 25. Ndf3 g6 26. Nd3 Bc4 27. Nc5 Rfe8 28. Nxb7 Rd5 29. Nc5 Re2 30. Bb3 Bxb3 31. Nxb3 Rd3 32. Nc5 Rd5 33. Nxa6 Rd3 34. Nc5 Rxf3 35. gxf3 Qxf3 36. Qf1 h5 37. Qg2 Qc3 38. Rd1 Qxb4 39. Nd3 Qd4 40. Qf3 Re4 41. h3 Qd5 42. Qg3 Kh6 43. Kh2 h4 44. Qg2 g5 45. f4 g4 46. hxg4 h3 47. Qxh3+ Kg7 48. Qg2 1-0

[Event "Samara Polugaevsky Memorial 2nd"]
[Site "Samara"]
[Date "2012.07.13"]
[Round "9"]
[White "Bogolepov, Grigory"]
[Black "Loginov, Ilya"]
[Result "1-0"]
[WhiteElo "1614"]
[BlackElo "1740"]
[PlyCount "67"]
[EventDate "2012.07.05"]
[EventType "swiss"]
[EventRounds "9"]
[EventCountry "RUS"]
[SourceTitle "CBM 149 Extra"]
[Source "ChessBase"]
[SourceDate "2012.08.24"]
[SourceVersion "1"]
[SourceVersionDate "2012.08.24"]
[SourceQuality "1"]

1. e4 d5 2. exd5 Nf6 3. d4 Nxd5 4. Nf3 g6 5. c4 Nb6 6. Nc3 Bg7 7. c5 Nd5 8. Bc4 Nxc3 9. bxc3 0-0 10. 0-0 Nd7 11. Re1 h6 12. Qc2 Kh8 13. Bf4 g5 14. Bg3 f5 15. Be5 Nf6 16. Rad1 e6 17. Bxf6 Qxf6 18. Ne5 c6 19. a4 g4 20. a5 a6 21. f3 h5 22. fxg4 hxg4 23. Rd3 Bh6 24. h3 Kg7 25. hxg4 fxg4 26. Rg3 Bg5 27. Rxg4 Kh6 28. Rf1 Be3+ 29. Kh1 Qxf1+ 30. Bxf1 Rxf1+ 31. Kh2 Rf5 32. Qd3 Bf4+ 33. Rxf4 Rxf4 34. Qg6# 1-0

[Event "Samara Polugaevsky Memorial 2nd"]
[Site "Samara"]
[Date "2012.07.07"]
[Round "3"]
[White "Chigaeva, Anastasia"]
[Black "Loginov, Ilya"]
[Result "1-0"]
[WhiteElo "1939"]
[BlackElo "1740"]
[PlyCount "95"]
[EventDate "2012.07.05"]
[EventType "swiss"]
[EventRounds "9"]
[EventCountry "RUS"]
[SourceTitle "CBM 149 Extra"]
[Source "ChessBase"]
[SourceDate "2012.08.24"]
[SourceVersion "1"]
[SourceVersionDate "2012.08.24"]
[SourceQuality "1"]

1. e4 c5 2. Nf3 d6 3. d4 cxd4 4. Nxd4 Nf6 5. Nc3 g6 6. h3 Bg7 7. g3 0-0 8. Bg2 Nc6 9. Nde2 Rb8 10. a4 a6 11. 0-0 b5 12. axb5 axb5 13. Nd5 Nxd5 14. exd5 Ne5 15. Nd4 Qb6 16. c3 Bd7 17. Kh2 Rfc8 18. Re1 Re8 19. b3 f5 20. f4 Nf7 21. Be3 Qc7 22. Qd3 Nd8 23. Ra2 e5 24. dxe6 Nxe6 25. Nxe6 Bxe6 26. Bd4 Bxd4 27. Qxd4 Qc5 28. Qxc5 dxc5 29. Bc6 Bxb3 30. Rxe8+ Rxe8 31. Rb2 Re6 32. Bxb5 c4 33. Rxb3 cxb3 34. Bc4 Kf7 35. Bxb3 Kf6 36. Bxe6 Kxe6 37. g4 Kd5 38. gxf5 gxf5 39. Kg3 Ke4 40. c4 Kd4 41. Kh4 Ke4 42. c5 Kd5 43. Kg5 Kxc5 44. Kxf5 Kd6 45. Kf6 Kd5 46. f5 Kd6 47. Kg7 Ke5 48. f6 1-0

[Event "Samara Polugaevsky Memorial 1st"]
[Site "Samara"]
[Date "2011.07.06"]
[Round "2"]
[White "Loginov, Ilya"]
[Black "Sevastianov, Viktor"]
[Result "0-1"]
[WhiteElo "1698"]
[BlackElo "2003"]
[PlyCount "112"]
[EventDate "2011.07.05"]
[EventType "swiss"]
[EventRounds "9"]
[EventCountry "RUS"]
[SourceTitle "CBM 143 Extra"]
[Source "ChessBase"]
[SourceDate "2011.08.29"]
[SourceVersion "1"]
[SourceVersionDate "2011.08.29"]
[SourceQuality "1"]

1. e4 c6 2. Nc3 d5 3. Nf3 Bg4 4. h3 Bxf3 5. Qxf3 e6 6. g3 Nf6 7. Bg2 Nxe4 8. Nxe4 dxe4 9. Qxe4 Qd5 10. 0-0 Qxe4 11. Bxe4 Nd7 12. d3 Nf6 13. Bg2 Be7 14. a4 a5 15. Bd2 0-0 16. Rfe1 Rfd8 17. Re5 Nd5 18. Bxd5 cxd5 19. Re2 Rdc8 20. c3 Rc6 21. d4 h5 22. h4 Bd6 23. Rae1 Rc4 24. Ra1 b6 25. Kg2 Kh7 26. f3 Kg6 27. g4 Rh8 28. g5 Kf5 29. f4 Rb8 30. Kf3 Bc7 31. Be3 b5 32. axb5 Rxb5 33. Rg2 Kg6 34. Bg1 a4 35. Bh2 Bd8 36. Ke3 Bb6 37. Kd3 Rb3 38. Bg1 Ba5 39. Rc2 Bc7 40. Be3 Bd6 41. Re1 a3 42. bxa3 Bxa3 43. Ree2 Rc7 44. Bc1 Bxc1 45. Rxc1 Rcb7 46. Ke3 Rb1 47. Rxb1 Rxb1 48. Kf3 Rg1 49. Rc2 Kf5 50. Re2 f6 51. Rb2 Rf1+ 52. Kg3 Rxf4 53. Rb7 fxg5 54. Rxg7 Rxh4 55. Kg2 Re4 56. Rh7 h4 0-1